Bài giảng hệ sinh thái nông nghiệp

Bài giảng giới thiệu các khái niệm về hệ sinh thái nông nghiệp, phân tích hệ thống sinh thái nông nghiệp và các phương pháp.

Gespeichert in:
Bibliographische Detailangaben
1. Verfasser: Nguyễn, Hữu Chiếm
Format: Buch
Sprache:Undetermined
Veröffentlicht: Cần Thơ Trường Đại học Cần Thơ 2000
Schlagworte:
Tags: Tag hinzufügen
Keine Tags, Fügen Sie den ersten Tag hinzu!
Thư viện lưu trữ: Trung tâm Học liệu Trường Đại học Cần Thơ
LEADER 00837nam a2200205Ia 4500
001 CTU_43823
008 210402s9999 xx 000 0 und d
082 |a 630.27755 
082 |b Ch304 
100 |a Nguyễn, Hữu Chiếm 
245 0 |a Bài giảng hệ sinh thái nông nghiệp 
245 0 |c Nguyễn Hữu Chiếm 
260 |a Cần Thơ 
260 |b Trường Đại học Cần Thơ 
260 |c 2000 
520 |a Bài giảng giới thiệu các khái niệm về hệ sinh thái nông nghiệp, phân tích hệ thống sinh thái nông nghiệp và các phương pháp. 
650 |a Agricultural 
650 |x Ecology 
904 |i Minh, Mai sửa số PL từ 630.257755 thành 630.27755 
980 |a Trung tâm Học liệu Trường Đại học Cần Thơ